Trasa Warszawskiej linii autobusowej 502 - Statystyki

Ogólne statystyki
  • Ten quiz został rozwiązany 143 razy
    108 od ostatniego zresetowania
  • Średni wynik to 29 z 30
Statystyki odpowiedzi
Dzielnica Przystanek % Poprawnych
Śródmieście Metro Politechnika
100%
Śródmieście Metro Politechnika
100%
Wesoła 1. Praskiego Pułku
97%
Praga-Południe Centrum Handlowe Promenada
97%
Wawer Kajki
97%
Praga-Południe Kanał Gocławski
97%
Wesoła Marmurowa
97%
Śródmieście Marszałkowska
97%
Praga-Południe Międzynarodowa
97%
Śródmieście Plac Konstytucji
97%
Śródmieście Plac Na Rozdrożu
97%
Wesoła Pogodna
97%
Praga-Południe Poligonowa
97%
Praga-Południe Przyczółek Grochowski
97%
Śródmieście Rozbrat
97%
Praga-Południe Saska
97%
Wesoła Stara Miłosna (Graniczna)
97%
Wesoła Stara Miłosna (Graniczna)
97%
Wesoła Stara Miłosna (Ułańska)
97%
Wawer Trawiasta
97%
Praga-Południe Zajezdnia Ostrobramska
97%
Praga-Południe Zamieniecka
97%
Wesoła Fabryczna
94%
Wesoła Nizinna
94%
Wesoła Objazdowa
94%
Wesoła Rumiankowa
94%
Wesoła Torfowa
94%
Wesoła Torfowa
94%
Wawer Trakt Lubelski
94%
Wesoła Cieplarniana
90%
Nie znaleziono quizów pasujących do podanych kryteriów
Rozkład punktacji
Procent ludzi z każdym wynikiem
Percentyl według liczby udzielonych odpowiedzi
Twoja historia wyników
Nie rozwiązałeś tego quizu od ostatniego zresetowania